Javascript phrasebook : (Record no. 10143)
[ view plain ]
| 000 -LEADER | |
|---|---|
| fixed length control field | 00932cam a22003135a 4500 |
| 008 - FIXED-LENGTH DATA ELEMENTS--GENERAL INFORMATION | |
| fixed length control field | 080803t2007 ||||fr|||| 00| 0 eng d |
| 010 ## - LIBRARY OF CONGRESS CONTROL NUMBER | |
| LC control number | 2005909314 |
| 020 ## - INTERNATIONAL STANDARD BOOK NUMBER | |
| International Standard Book Number | 0672328801 (pbk.) |
| 020 ## - INTERNATIONAL STANDARD BOOK NUMBER | |
| International Standard Book Number | 0672329077 |
| 020 ## - INTERNATIONAL STANDARD BOOK NUMBER | |
| International Standard Book Number | 9780672329074 |
| 035 ## - SYSTEM CONTROL NUMBER | |
| System control number | (OCoLC)ocm73764564 |
| 035 ## - SYSTEM CONTROL NUMBER | |
| System control number | (OCoLC)73764564 |
| 040 ## - CATALOGING SOURCE | |
| Original cataloging agency | CVU |
| Transcribing agency | CVU |
| Modifying agency | DLC |
| -- | EG-ScBUE |
| 050 00 - LIBRARY OF CONGRESS CALL NUMBER | |
| Classification number | QA76.73.J39 |
| Item number | W46 2007 |
| 082 00 - DEWEY DECIMAL CLASSIFICATION NUMBER | |
| Classification number | 005.133 |
| Item number | WEN |
| Edition number | 22 |
| 100 1# - MAIN ENTRY--PERSONAL NAME | |
| Personal name | Wenz, Christian. |
| 245 10 - TITLE STATEMENT | |
| Title | Javascript phrasebook : |
| Remainder of title | Essential code and commands / |
| Statement of responsibility, etc | Christian Wenz. |
| 260 ## - PUBLICATION, DISTRIBUTION, ETC. (IMPRINT) | |
| Place of publication, distribution, etc | Indianapolis : |
| Name of publisher, distributor, etc | Sams, |
| Date of publication, distribution, etc | c.2007. |
| 300 ## - PHYSICAL DESCRIPTION | |
| Extent | x, 262 p. : |
| Other physical details | ill. ; |
| Dimensions | 18 cm. |
| 440 #0 - | |
| -- | Developer's library |
| 500 ## - GENERAL NOTE | |
| General note | Includes index. |
| 590 ## - LOCAL NOTE (RLIN) | |
| Local note | yassmeen ashraf |
| 650 #0 - SUBJECT ADDED ENTRY--TOPICAL TERM | |
| Topical term or geographic name as entry element | JavaScript (Computer program language) |
| Source of heading or term | BUEsh |
| 650 #0 - SUBJECT ADDED ENTRY--TOPICAL TERM | |
| Topical term or geographic name as entry element | Web sites |
| General subdivision | Design. |
| Source of heading or term | BUEsh |
| 651 ## - SUBJECT ADDED ENTRY--GEOGRAPHIC NAME | |
| Source of heading or term | BUEsh |
| 653 ## - INDEX TERM--UNCONTROLLED | |
| Resource For college | Informatics and Computer Science |
| Arrived date list | August2015 |
| 942 ## - ADDED ENTRY ELEMENTS (KOHA) | |
| Source of classification or shelving scheme | Dewey Decimal Classification |
| Item type | Book - Borrowing |
| Withdrawn status | Item status | Source of classification or shelving scheme | Materials specified (bound volume or other part) | Damaged status | Not for loan | Home library | Current library | Shelving location | Date acquired | Source of acquisition | Total Checkouts | Full call number | Barcode | Date last seen | Cost, replacement price | Koha item type | Total Renewals | Date last borrowed |
|---|---|---|---|---|---|---|---|---|---|---|---|---|---|---|---|---|---|---|
| Lost | Dewey Decimal Classification | Lost In Inventory_2005-2015/8/22 | Central Library | Central Library | Lower Floor | 03/08/2008 | Purchase | 005.133 WEN | 72887112 | 03/08/2008 | 2008.00 | Book - Borrowing | ||||||
| Dewey Decimal Classification | Central Library | Central Library | Lower Floor | 03/08/2008 | Purchase | 6 | 005.133 WEN | 000013464 | 15/07/2025 | 2008.00 | Book - Borrowing | 4 | 24/02/2016 | |||||
| Dewey Decimal Classification | Central Library | Central Library | Lower Floor | 31/08/2008 | Purchase | 3 | 005.133 WEN | 000013463 | 15/07/2025 | Book - Borrowing | 5 | 10/03/2019 |